| 000 | 01424nam a2200349Ia 4500 | ||
|---|---|---|---|
| 001 | ebr10404837 | ||
| 003 | CaPaEBR | ||
| 006 | m u | ||
| 007 | cr cn||||||||| | ||
| 008 | 100427s2010 mdu sb 001 0 eng d | ||
| 010 | _z 2010013283 | ||
| 020 | _z9780739140031 (cloth : alk. paper) | ||
| 020 | _z9780739140055 (electronic) | ||
| 040 |
_aCaPaEBR _cCaPaEBR |
||
| 035 | _a(OCoLC)665828076 | ||
| 050 | 1 | 4 |
_aP96.T42 _bT89 2010eb |
| 082 | 0 | 4 |
_a302.23 _222 |
| 245 | 0 | 4 |
_aThe twenty-first-century media industry _h[electronic resource] : _beconomic and managerial implications in the age of new media / _cedited by John Allen Hendricks. |
| 260 |
_aLanham, Md. : _bLexington Books, _cc2010. |
||
| 300 | _axiv, 296 p. | ||
| 490 | 1 | _aStudies in new media | |
| 504 | _aIncludes bibliographical references and index. | ||
| 533 |
_aElectronic reproduction. _bPalo Alto, Calif. : _cebrary, _d2011. _nAvailable via World Wide Web. _nAccess may be limited to ebrary affiliated libraries. |
||
| 650 | 0 |
_aMass media _xTechnological innovations. |
|
| 650 | 0 |
_aDigital media _xEconomic aspects. |
|
| 650 | 0 |
_aDigital media _xSocial aspects. |
|
| 655 | 7 |
_aElectronic books. _2local |
|
| 700 | 1 | _aHendricks, John Allen. | |
| 710 | 2 | _aebrary, Inc. | |
| 830 | 0 | _aStudies in new media. | |
| 856 | 4 | 0 |
_uhttp://site.ebrary.com/lib/rucke/Doc?id=10404837 _zAn electronic book accessible through the World Wide Web; click to view |
| 999 |
_c81761 _d81761 |
||